[Event "Ruhrgebiet Verbandsbezirksliga Gr 1"]
[Site "Ruhrgebiet"]
[Date "2019.04.07"]
[Round "8.3"]
[White "Boelling, Andreas"]
[Black "Nielinger, Marco"]
[Result "1-0"]
[WhiteElo "1721"]
[BlackElo "1741"]
[PlyCount "49"]
[EventDate "2018.09.30"]
[EventType "team-tourn"]
[EventRounds "9"]
[EventCountry "GER"]
[SourceTitle "EXT 2022"]
[Source "ChessBase"]
[SourceDate "2021.10.06"]
[SourceVersion "1"]
[SourceVersionDate "2021.10.06"]
[SourceQuality "1"]
[WhiteTeam "Hamm SV II"]
[BlackTeam "Boenen SV II"]
[WhiteTeamCountry "GER"]
[BlackTeamCountry "GER"]

1. e4 c5 2. Nf3 d6 3. d4 cxd4 4. Nxd4 Nf6 5. Nc3 a6 6. Be2 e5 7. Nb3 Be6 8. Be3 Be7 9. 0-0 0-0 10. f4 exf4 11. Bxf4 Nc6 12. Kh1 Rc8 13. Nd4 Qb6 14. Nxe6 fxe6 15. Qd3 Nb4 16. Qd2 Nxe4 17. Nxe4 Rxc2 18. Qd1 d5 19. Nc3 Bf6 20. a3 Rxc3 21. bxc3 Nc6 22. Rb1 Qa7 23. Bg4 Re8 24. Re1 Nd8 25. Qa4 1-0

[Event "Ruhrgebiet Verbandsbezirksliga Gr 1"]
[Site "Ruhrgebiet"]
[Date "2018.09.30"]
[Round "1.2"]
[White "Nielinger, Marco"]
[Black "Rybicki, Hans"]
[Result "0-1"]
[WhiteElo "1741"]
[BlackElo "1756"]
[PlyCount "48"]
[EventDate "2018.09.30"]
[EventType "team-tourn"]
[EventRounds "9"]
[EventCountry "GER"]
[SourceTitle "EXT 2022"]
[Source "ChessBase"]
[SourceDate "2021.10.06"]
[SourceVersion "1"]
[SourceVersionDate "2021.10.06"]
[SourceQuality "1"]
[WhiteTeam "Boenen SV II"]
[BlackTeam "Kamen SV III"]
[WhiteTeamCountry "GER"]
[BlackTeamCountry "GER"]

1. e4 c5 2. Nf3 d6 3. d4 cxd4 4. Nxd4 a6 5. Bc4 Nf6 6. Nc3 Qa5 7. Bd2 Qc5 8. Qe2 Qxd4 9. Be3 Qe5 10. 0-0-0 Qa5 11. h3 Bd7 12. f4 Be6 13. e5 dxe5 14. fxe5 Qxe5 15. Bb6 Qf4+ 16. Kb1 Nbd7 17. Rxd7 Bxd7 18. Rf1 Qd6 19. Qf2 e6 20. Ne4 Qe5 21. Nxf6+ Qxf6 22. Qe3 Qg6 23. Re1 Be7 24. Qd2 Bc6 0-1

[Event "Ruhrgebiet Bezirksliga 17/18"]
[Site "Ruhrgebiet"]
[Date "2018.04.08"]
[Round "9.3"]
[White "Wagner, Ralf"]
[Black "Nielinger, Marco"]
[Result "1/2-1/2"]
[WhiteElo "1827"]
[BlackElo "1712"]
[PlyCount "74"]
[EventDate "2017.09.03"]
[EventType "team-tourn"]
[EventRounds "9"]
[EventCountry "GER"]
[SourceTitle "EXT 2022"]
[Source "ChessBase"]
[SourceDate "2021.10.06"]
[SourceVersion "1"]
[SourceVersionDate "2021.10.06"]
[SourceQuality "1"]
[WhiteTeam "Ahlen SV II"]
[BlackTeam "Boenen SV II"]
[WhiteTeamCountry "GER"]
[BlackTeamCountry "GER"]

1. e4 c5 2. Nf3 d6 3. c3 Nf6 4. Be2 Bd7 5. e5 dxe5 6. Nxe5 Nc6 7. Nxd7 Qxd7 8. d3 e6 9. a4 Be7 10. Na3 0-0 11. 0-0 Rfd8 12. Qc2 Rac8 13. Nc4 Nd5 14. f4 Bf6 15. Kh1 Nce7 16. Ne3 Nxe3 17. Bxe3 Nd5 18. Qd2 Nxe3 19. Qxe3 Re8 20. Bf3 b6 21. Be4 Rcd8 22. g4 g6 23. g5 Bg7 24. a5 f5 25. gxf6 Bxf6 26. Rg1 Rf8 27. Qg3 Bg7 28. axb6 axb6 29. Qe3 Rf7 30. Raf1 Rdf8 31. Rf3 Qd6 32. Rg4 Bh6 33. Rh3 Rxf4 34. Rxf4 Bxf4 35. Qg1 e5 36. Rh4 Qf6 37. Rg4 Kg7 1/2-1/2

[Event "Ruhrgebiet Bezirksliga 17/18"]
[Site "Ruhrgebiet"]
[Date "2017.09.17"]
[Round "2.4"]
[White "Nielinger, Marco"]
[Black "Irlaender, Walter"]
[Result "1/2-1/2"]
[WhiteElo "1712"]
[BlackElo "1886"]
[PlyCount "41"]
[EventDate "2017.09.03"]
[EventType "team-tourn"]
[EventRounds "9"]
[EventCountry "GER"]
[SourceTitle "EXT 2022"]
[Source "ChessBase"]
[SourceDate "2021.10.06"]
[SourceVersion "1"]
[SourceVersionDate "2021.10.06"]
[SourceQuality "1"]
[WhiteTeam "Boenen SV II"]
[BlackTeam "Unna SV"]
[WhiteTeamCountry "GER"]
[BlackTeamCountry "GER"]

1. e4 d5 2. exd5 Nf6 3. Nf3 Nxd5 4. d4 Bg4 5. Be2 e6 6. 0-0 Nd7 7. b3 Bd6 8. c4 Nf4 9. c5 Nxe2+ 10. Qxe2 Be7 11. Qe4 Bxf3 12. Qxf3 c6 13. Be3 0-0 14. Nd2 Nf6 15. Nc4 Nd5 16. Rad1 Rc8 17. Bc1 b6 18. Ba3 b5 19. Ne3 a5 20. Nxd5 Qxd5 21. Qxd5 1/2-1/2

[Event "Ruhrgebiet VK3 0910"]
[Site "Ruhrgebiet"]
[Date "2010.02.21"]
[Round "7.8"]
[White "Nielinger, Marco"]
[Black "Sanders, Gregor"]
[Result "1/2-1/2"]
[WhiteElo "1760"]
[BlackElo "1837"]
[PlyCount "96"]
[EventDate "2009.09.06"]
[EventType "team"]
[EventRounds "9"]
[EventCountry "GER"]
[SourceTitle "EXT 2011"]
[Source "ChessBase"]
[SourceDate "2010.11.26"]
[SourceVersion "1"]
[SourceVersionDate "2010.11.26"]
[SourceQuality "1"]
[WhiteTeam "Boenen SV"]
[BlackTeam "Wacker Bergeborbeck"]
[WhiteTeamCountry "GER"]
[BlackTeamCountry "GER"]

1. e4 c5 2. Nf3 d6 3. d4 cxd4 4. Nxd4 Nf6 5. Nc3 g6 6. f3 Bg7 7. Be3 Nc6 8. Qd2 Ne5 9. Be2 h5 10. 0-0-0 Bd7 11. h3 Rc8 12. f4 Nc6 13. Rhg1 Nxd4 14. Bxd4 Bc6 15. Bd3 Qa5 16. Kb1 Bh6 17. Qf2 0-0 18. g4 Bg7 19. f5 e5 20. Be3 d5 21. Bd2 dxe4 22. Nxe4 Nxe4 23. Bxe4 Qb6 24. Qxb6 axb6 25. Bxc6 Rxc6 26. gxh5 Kh7 27. hxg6+ fxg6 28. fxg6+ Rxg6 29. Rxg6 Kxg6 30. Bc3 Rf3 31. Rh1 Kf5 32. a4 Bh6 33. Ka2 e4 34. Kb3 Rf2 35. Bd4 Rf3+ 36. c3 e3 37. Rh2 Ke4 38. Kc2 Bf4 39. Re2 Rxh3 40. Bxb6 Rh6 41. a5 Kf3 42. Kd3 Re6 43. b4 Re7 44. Bd4 Rd7 45. b5 Rd6 46. a6 bxa6 47. bxa6 Rxa6 48. Bxe3 Bg3 1/2-1/2

[Event "Ruhrgebiet VK3 0910"]
[Site "Ruhrgebiet"]
[Date "2009.11.08"]
[Round "3.8"]
[White "Nielinger, Marco"]
[Black "Imcke, Patrick"]
[Result "1/2-1/2"]
[WhiteElo "1760"]
[BlackElo "1681"]
[PlyCount "52"]
[EventDate "2009.09.06"]
[EventType "team"]
[EventRounds "9"]
[EventCountry "GER"]
[SourceTitle "EXT 2011"]
[Source "ChessBase"]
[SourceDate "2010.11.26"]
[SourceVersion "1"]
[SourceVersionDate "2010.11.26"]
[SourceQuality "1"]
[WhiteTeam "Boenen SV"]
[BlackTeam "Katernberg III"]
[WhiteTeamCountry "GER"]
[BlackTeamCountry "GER"]

1. e4 e6 2. d4 d5 3. Nc3 Nf6 4. Bg5 Bb4 5. e5 h6 6. exf6 hxg5 7. fxg7 Bxc3+ 8. bxc3 Rg8 9. Nf3 Rxg7 10. h4 gxh4 11. Rxh4 Rg8 12. g3 c5 13. Ne5 Nd7 14. Bb5 cxd4 15. Qf3 Qe7 16. Rh7 a6 17. Bxd7+ Bxd7 18. Rxf7 Qd6 19. Qh5 0-0-0 20. Rh7 Qc7 21. Rb1 Qxc3+ 22. Kd1 Qc7 23. g4 Rgf8 24. f3 Kb8 25. Qh2 Kc8 26. f4 b5 1/2-1/2

[Event "Ruhrgebiet VK1 0304"]
[Site "Ruhrgebiet"]
[Date "2004.02.29"]
[Round "7.6"]
[White "Nielinger, Marco"]
[Black "Schaefer, Martin"]
[Result "0-1"]
[WhiteElo "1648"]
[BlackElo "1833"]
[PlyCount "127"]
[EventDate "2003.09.28"]
[EventType "team"]
[EventRounds "9"]
[EventCountry "GER"]
[SourceTitle "EXT 2007"]
[Source "ChessBase"]
[SourceDate "2006.11.23"]
[SourceVersion "1"]
[SourceVersionDate "2006.11.23"]
[SourceQuality "1"]
[WhiteTeam "Boenen SV"]
[BlackTeam "Drewer SG"]
[WhiteTeamCountry "GER"]
[BlackTeamCountry "GER"]

1. e4 c5 2. Nf3 d6 3. d4 cxd4 4. Nxd4 Nf6 5. Nc3 a6 6. Bc4 e6 7. Bb3 Be7 8. Be3 b5 9. f3 0-0 10. Qd2 Qc7 11. g4 Nc6 12. 0-0-0 Na5 13. h4 Nxb3+ 14. axb3 Bb7 15. h5 Nd7 16. g5 Rfd8 17. g6 Nf8 18. gxf7+ Kxf7 19. Qg2 b4 20. Na4 Bf6 21. Rhg1 Rd7 22. Bg5 Ke8 23. Bxf6 gxf6 24. Qh3 Re7 25. Rg8 Kd7 26. Rdg1 Rae8 27. R1g7 Rxg7 28. Rxg7+ Re7 29. Qg2 Ke8 30. Rg8 d5 31. Qd2 Kf7 32. Rg4 dxe4 33. fxe4 Qe5 34. Qxb4 Qxh5 35. Rg7+ Kxg7 36. Qxe7+ Qf7 37. Qxf7+ Kxf7 38. Nc5 Bc8 39. Kd2 Ng6 40. Ke3 Ne5 41. Nf3 Nxf3 42. Kxf3 Ke7 43. b4 Kd6 44. Nd3 Bd7 45. c4 h5 46. b3 e5 47. Nc5 Bc8 48. Kg3 a5 49. Nd3 axb4 50. Nxb4 f5 51. Kh4 fxe4 52. Kxh5 e3 53. Nd3 e4 54. Ne1 Ke5 55. Kg5 e2 56. Nc2 Bd7 57. b4 e3 58. Ne1 Ke4 59. b5 Be8 60. b6 Bc6 61. Kg4 Bb7 62. Kg5 Kd4 63. Kf4 Bc6 64. Nc2+ 0-1

[Event "Ruhrgebiet VK1 0304"]
[Site "Ruhrgebiet"]
[Date "2004.01.11"]
[Round "5.7"]
[White "Straenger, Petra"]
[Black "Nielinger, Marco"]
[Result "1/2-1/2"]
[WhiteElo "1855"]
[BlackElo "1648"]
[PlyCount "88"]
[EventDate "2003.09.28"]
[EventType "team"]
[EventRounds "9"]
[EventCountry "GER"]
[SourceTitle "EXT 2007"]
[Source "ChessBase"]
[SourceDate "2006.11.23"]
[SourceVersion "1"]
[SourceVersionDate "2006.11.23"]
[SourceQuality "1"]
[WhiteTeam "Muelheim Heissen"]
[BlackTeam "Boenen SV"]
[WhiteTeamCountry "GER"]
[BlackTeamCountry "GER"]

1. d4 Nf6 2. Nf3 g6 3. c4 Bg7 4. Nc3 0-0 5. g3 d6 6. Bg2 Nbd7 7. 0-0 e5 8. d5 Nb6 9. b3 c6 10. dxc6 bxc6 11. c5 Nbd5 12. Nxd5 cxd5 13. cxd6 Qxd6 14. Bb2 Nd7 15. Qc1 Re8 16. Rd1 Rb8 17. Qd2 Bb7 18. Rac1 Rbd8 19. e3 Nf8 20. Qa5 Qb8 21. Ne1 Rd6 22. Qc7 Rd7 23. Qxb8 Rxb8 24. Rc2 Ne6 25. Nd3 d4 26. Bxb7 Rbxb7 27. exd4 Rd8 28. Nc5 Nxc5 29. Rxc5 Rbd7 30. d5 f5 31. Bc1 Bf8 32. Ra5 Bb4 33. Rb5 Bd6 34. Be3 f4 35. Bc5 f3 36. Be3 a6 37. Rb6 a5 38. h4 Rc8 39. Rc1 Rxc1+ 40. Bxc1 Bc5 41. Rf6 Rxd5 42. Bh6 e4 43. Re6 Rd1+ 44. Kh2 Re1 1/2-1/2

[Event "Ruhrgebiet VK1 0304"]
[Site "Ruhrgebiet"]
[Date "2003.10.19"]
[Round "2.7"]
[White "Watzlawek, Volker"]
[Black "Nielinger, Marco"]
[Result "0-1"]
[WhiteElo "1743"]
[BlackElo "1648"]
[PlyCount "72"]
[EventDate "2003.09.28"]
[EventType "team"]
[EventRounds "9"]
[EventCountry "GER"]
[SourceTitle "EXT 2007"]
[Source "ChessBase"]
[SourceDate "2006.11.23"]
[SourceVersion "1"]
[SourceVersionDate "2006.11.23"]
[SourceQuality "1"]
[WhiteTeam "Dortmund Kleiner Koenig"]
[BlackTeam "Boenen SV"]
[WhiteTeamCountry "GER"]
[BlackTeamCountry "GER"]

1. e4 c5 2. Nf3 d6 3. d4 cxd4 4. Nxd4 Nf6 5. Nc3 a6 6. Bc4 e6 7. Bb3 Nbd7 8. f3 Nc5 9. Be3 Qc7 10. Qd2 b5 11. 0-0 Bb7 12. Rfd1 Be7 13. Nce2 d5 14. exd5 Nxd5 15. Bf2 0-0 16. c3 Rfd8 17. Bc2 e5 18. Nf5 Nb4 19. Nxe7+ Qxe7 20. Bxc5 Qxc5+ 21. Nd4 Nxc2 22. b4 Nxb4 23. Qg5 Nc6 24. Kh1 Nxd4 25. cxd4 Rxd4 26. Rdc1 Qd6 27. h4 e4 28. f4 e3 29. Re1 Rd2 30. Rxe3 Rxg2 31. Qxg2 Bxg2+ 32. Kxg2 Qxf4 33. Rae1 g6 34. Re4 Qd2+ 35. R1e2 Qd5 36. Kh3 Rc8 0-1

[Event "Ruhrgebiet VK1 0304"]
[Site "Ruhrgebiet"]
[Date "2003.09.28"]
[Round "1.7"]
[White "Nielinger, Marco"]
[Black "Kotter, Michael"]
[Result "0-1"]
[WhiteElo "1648"]
[BlackElo "1912"]
[PlyCount "98"]
[EventDate "2003.09.28"]
[EventType "team"]
[EventRounds "9"]
[EventCountry "GER"]
[SourceTitle "EXT 2007"]
[Source "ChessBase"]
[SourceDate "2006.11.23"]
[SourceVersion "1"]
[SourceVersionDate "2006.11.23"]
[SourceQuality "1"]
[WhiteTeam "Boenen SV"]
[BlackTeam "Horst II"]
[WhiteTeamCountry "GER"]
[BlackTeamCountry "GER"]

1. e4 c5 2. Nf3 d6 3. d4 cxd4 4. Nxd4 Nf6 5. Nc3 a6 6. Bc4 e6 7. Bb3 Be7 8. Be3 Qc7 9. f3 Nc6 10. Qd2 b5 11. g4 h6 12. 0-0-0 Bb7 13. h4 Nxd4 14. Bxd4 e5 15. Be3 b4 16. Na4 Nd7 17. Kb1 a5 18. g5 h5 19. g6 fxg6 20. Bg5 Rf8 21. Bxe7 Kxe7 22. Rhg1 Rf6 23. Rg2 Bc6 24. Rdg1 Nf8 25. Qe3 Rb8 26. Rf2 Bxa4 27. Bxa4 Qc5 28. Qd2 Ne6 29. Rfg2 Nf4 30. Rg3 Qc4 31. Bb3 Qb5 32. Qe3 Rb7 33. Rd1 a4 34. Bd5 Rc7 35. Qd2 a3 36. b3 Qc5 37. Bc4 Rc8 38. Rg5 Rc7 39. Bd5 Rf8 40. Rdg1 Rf6 41. R1g3 Qc3 42. Qxc3 Rxc3 43. Bc4 Re3 44. Kc1 Re1+ 45. Kd2 Rh1 46. Bg8 Rxh4 47. Bh7 Rh2+ 48. Ke1 Kf7 49. Bxg6+ Nxg6 0-1